1190 1823 1888 1643 1529 1205 1857 1377 1887 1893 1078 1739 1196 1428 1001 1004 1708 1415 1422 1926 1106 1219 1247 1049 1713 1750 1782 1382 1752 1246 1449 1946 1078 1752 1418 1451 1808 1488 1267 1187 1479 1772 1427 1238 1964 1932 1736 1570 1237 1315 1998 1180 1436 1860 1205 1684 1985 1945 1610 1590 1668 1987 1399 1219 1878 1291 1300 1681 1139 1440 1587 1028 1579 1984 1156 1763 1095 1228 1306 1130 1982 1060 1894 1017 1281 1377 1581 1440 1378 1350 1997 1359 1863 1585 1035 1354 1137 1298 1155 BCNSPRNW ULIB Ver.6.0+V

เปลี่ยนเป็นภาษาไทย

Change to English
 แสดงรายละเอียดบรรณานุกรม
  กลับหน้าหลัก

Brief Record : Get Marc (ISO 2709) : E-mail record : QR code < ปิดหน้าต่าง
LEADER : 00000nam 2200000uu 4500
001    13399109328
003     ULIB
008    110329s2544||||th 000 0 tha d
020    9743640029
060 04 WA590^bอ267ก 2544
100 0  อภิวันท์ แก้ววรรณรัตน์
245 10 การเขียนแผนการให้ความรู้ทางสุขภาพ /^cอภิวันท์แก้ววรรณรัตน์
250    พิมพ์ครั้งที่ 1
260    ชลบุรี :^bชลบุรีการพิมพ์,^c2544
300    124 หน้า :^bภาพประกอบ ;^c30 ซม.
650  7 การเขียน
650  7 สุขภาพ^xการศึกษาและการสอน
945    ^p180^l0^i018862
995    ทศพร
999 ^a ใช้งานได้ทุกระบบ
รายการนี้ยังไม่มีแท็ก
คุณยังไม่ได้ล็อกอิน คุณสามารถมีกิจกรรมร่วมกับเว็บไซต์ได้ แต่ต้องล็อกอินก่อน ::
  ล็อกอิน

รายการสื่อสารสนเทศ

ลำดับที่ ประเภท เลขเรียก/บาร์โค้ด สถานที่ สถานะ
- ไม่พบข้อมูล -

รายการใกล้เคียง
    ผู้แต่ง [อภิวันท์ แก้ววรรณรัตน์]

    หัวเรื่อง [การเขียน]

BibComment


ยังไม่เคยถูกคอมเมนท์

คอมเมนท์ทรัพยากรรายการนี้
  คอมเมนท์: การเขียนแผนการให้..


 Copyright 2026. Bcnsprnw @Library